000 00375nam a2200145Ia 4500
008 230711s9999||||xx |||||||||||||| ||und||
041 _aENG
082 _a5
_bRI-C
100 _aRichard,Thomas C
245 0 _aCobol : a structure approach
250 _a1st
260 _c1985
_aNew Delhi
_bCBS Publishers & Distributors Pvt.Ltd
650 _aComputer Engineering
942 _cBK
999 _c1466
_d1466